Statistiques concernant Couleurs de l'arc-en-ciel en 15 s. chrono

Cliquez ici pour prendre le quiz!

Statistiques générales

  • Ce quiz a été pris 120 fois
  • Le résultat moyen est 3 sur 7

Statistiques - réponses

Couleurs% Correct
Violet
91%
Indigo
47%
Bleu
43%
Jaune
42%
Vert
42%
Orange
35%
Rouge
34%

Distribution des résultats

Percentile par nombre de réponses

% des personnes avec chaque résultat

Votre développement - résultats

Vous n’avez pas pris ce quiz